Eastern Utah Libraries Catalog: Duchesne, Heber, Roosevelt, & Vernal

Poldark. The complete fifth season / (Record no. 322368)

MARC details
000 -LEADER
fixed length control field 04772cgm a2200913Ki 4500
001 - CONTROL NUMBER
control field on1117552244
003 - CONTROL NUMBER IDENTIFIER
control field OCoLC
005 - DATE AND TIME OF LATEST TRANSACTION
control field 20251204105725.0
007 - PHYSICAL DESCRIPTION FIXED FIELD--GENERAL INFORMATION
fixed length control field vd cvaizs
008 - FIXED-LENGTH DATA ELEMENTS--GENERAL INFORMATION
fixed length control field 190823s2019 xxu480 vleng d
020 ## - INTERNATIONAL STANDARD BOOK NUMBER
International Standard Book Number 9781531710972
020 ## - INTERNATIONAL STANDARD BOOK NUMBER
International Standard Book Number 1531710972
024 1# - OTHER STANDARD IDENTIFIER
Standard number or code 841887042727
028 42 - PUBLISHER NUMBER
Publisher number MS61810
Source PBS Distribution
035 ## - SYSTEM CONTROL NUMBER
System control number (OCoLC)1117552244
040 ## - CATALOGING SOURCE
Original cataloging agency LMJ
Language of cataloging eng
Transcribing agency LMJ
Modifying agency TEF
-- OCLCF
-- ILE
-- OCLCA
-- UOK
Description conventions rda
041 0# - LANGUAGE CODE
Language code of text/sound track or separate title eng
Language code of original and/or intermediate translations of text eng
043 ## - GEOGRAPHIC AREA CODE
Geographic area code e-uk-en
049 ## - LOCAL HOLDINGS (OCLC)
Holding library UOKA
050 #4 - LIBRARY OF CONGRESS CALL NUMBER
Classification number PN1992.77
Item number .P65 2019
082 04 - DEWEY DECIMAL CLASSIFICATION NUMBER
Classification number 791.45/75
Edition number 23
092 ## - LOCALLY ASSIGNED DEWEY CALL NUMBER (OCLC)
Classification number DVD POLDARK Season 5
999 ## - SYSTEM CONTROL NUMBERS (KOHA)
Koha Dewey Subclass [OBSOLETE] 03472718
130 0# - MAIN ENTRY--UNIFORM TITLE
Uniform title Poldark (Television program : 2015-2019).
Number of part/section of a work Season 5.
9 (RLIN) 6399083
245 10 - TITLE STATEMENT
Title Poldark. The complete fifth season /
246 18 - VARYING FORM OF TITLE
Title proper/short title Poldark.
Number of part/section of a work Season 5
250 ## - EDITION STATEMENT
Edition statement UK edition.
264 #1 - Production, Publication, Distribution, Manufacture, and Copyright Notice.
Place of production, publication, distribution, manufacture [United States] :
Name of producer, publisher, distributor, manufacturer PBS, ITV Studios Global Entertainment ; a Mammoth Screen production for BBC co-produced with Masterpiece ; produced by Michael Ray ; written by Debbie Horsfield ; directed by Sallie Aprahamian and Justin Molotnikov.
Date of production, publication, distribution, manufacture, or copyr [2019]
300 ## - PHYSICAL DESCRIPTION
Extent 3 videodiscs (approximately 480 min.) :
Other physical details sound, color ;
Dimensions 4 3/4 in.
336 ## - Content Type
Content type term two-dimensional moving image
337 ## - Media type
Media type term video
338 ## - Carrier type
Carrier type term videodisc
500 ## - GENERAL NOTE
General note Title from container.
500 ## - GENERAL NOTE
General note Based on the novels by Winston Graham ; created for television by Debbie Horsfield.
500 ## - GENERAL NOTE
General note Originally broadcast as single episodes of a television program in 2019.
500 ## - GENERAL NOTE
General note Special features: Behind-the-scenes featurettes: Fire at Nampara ; Forbidden love ; Howard Burden, costume designer ; Villains ; Mind the gap, writing season 5 ; production design ; Ned & Kitty ; The Carnes ; Ross the reckless risktaker ; Tess & Demelza ; the madness of Sir George.
505 0# - FORMATTED CONTENTS NOTE
Formatted contents note Disc 1. Eps. 1-3 -- Disc 2. Eps. 4-6 -- Disc 3. Eps. 7-8
508 ## - CREATION/PRODUCTION CREDITS NOTE
Creation/production credits note Music by Anne Dudley ; production designer, Jeff Tessler ; costume designer, Howard Burden.
511 1# - PARTICIPANT OR PERFORMER NOTE
Participant or performer note Aidan Turner, Eleanor Tomlinson, Ellise Chappell, Tim Dutton, Beatie Edney, Jack Farthing, Kerri McLean, Luke Norris, Vincent Regan, Harry Richardson, Tristan Sturrock, Peter Sullivan, Pip Torrens, Gabriella Wilde, Tom York, Anthony Calf, Lily Dodsworth-Evans ; guest stars include Freddie Wise, Woody Norman, Amelia Clarkson, Sophia Oxenham, Robin Ellis, Rebecca Front, Andrew Gower, Heida Reed.
520 ## - SUMMARY, ETC.
Summary, etc It is a new century and with it comes the promise of a hopeful future, but the past casts a long shadow over Cornwall. Following the death of Elizabeth, Ross Poldark resolves to put Westminster behind him and spend more time with the people he loves. However, when an old friend emerges with a plea for help, Ross is compelled to challenge the establishment again.
521 8# - TARGET AUDIENCE NOTE
Target audience note Not rated.
538 ## - SYSTEM DETAILS NOTE
System details note DVD, region 1, widescreen presentation; stereo.
546 ## - LANGUAGE NOTE
Language note In English with optional English subtitles; closed-captioned.
600 10 - SUBJECT ADDED ENTRY--PERSONAL NAME
Personal name Poldark, Ross
Titles and other words associated with a name (Fictitious character)
Form subdivision Drama.
9 (RLIN) 6399084
650 #0 - SUBJECT ADDED ENTRY--TOPICAL TERM
Topical term or geographic name as entry element Man-woman relationships
Form subdivision Drama
9 (RLIN) 5673977
651 #0 - SUBJECT ADDED ENTRY--GEOGRAPHIC NAME
Geographic name Cornwall (England : County)
General subdivision History
Form subdivision Drama.
9 (RLIN) 5715001
655 #7 - INDEX TERM--GENRE/FORM
Genre/form data or focus term Television series
Source of term lcgft
9 (RLIN) 6399085
655 #7 - INDEX TERM--GENRE/FORM
Genre/form data or focus term Historical television programs
Source of term lcgft
9 (RLIN) 6399086
655 #7 - INDEX TERM--GENRE/FORM
Genre/form data or focus term Action and adventure television programs
Source of term lcgft
9 (RLIN) 5676921
655 #7 - INDEX TERM--GENRE/FORM
Genre/form data or focus term Fiction television programs
Source of term lcgft
9 (RLIN) 5673656
655 #7 - INDEX TERM--GENRE/FORM
Genre/form data or focus term Video recordings for the hearing impaired
Source of term lcgft
9 (RLIN) 6399087
700 1# - ADDED ENTRY--PERSONAL NAME
Personal name Horsfield, Debbie,
Dates associated with a name 1955-
9 (RLIN) 5927549
700 1# - ADDED ENTRY--PERSONAL NAME
Personal name Aprahamian, Sallie.
9 (RLIN) 6399088
700 1# - ADDED ENTRY--PERSONAL NAME
Personal name Molotnikov, Justin
9 (RLIN) 6399089
700 1# - ADDED ENTRY--PERSONAL NAME
Personal name Turner, Aidan,
Dates associated with a name 1983-
9 (RLIN) 5927554
700 1# - ADDED ENTRY--PERSONAL NAME
Personal name Tomlinson, Eleanor,
Dates associated with a name 1992-
9 (RLIN) 5880605
700 1# - ADDED ENTRY--PERSONAL NAME
Personal name Chappell, Ellise,
Dates associated with a name 1993-
9 (RLIN) 6399090
700 1# - ADDED ENTRY--PERSONAL NAME
Personal name Dutton, Tim
9 (RLIN) 58443
700 1# - ADDED ENTRY--PERSONAL NAME
Personal name Farthing, Jack
9 (RLIN) 5758774
700 1# - ADDED ENTRY--PERSONAL NAME
Personal name McLean, Kerri
9 (RLIN) 6399091
700 1# - ADDED ENTRY--PERSONAL NAME
Personal name Norris, Luke,
Dates associated with a name 1985-
9 (RLIN) 5958668
700 1# - ADDED ENTRY--PERSONAL NAME
Personal name Regan, Vincent
9 (RLIN) 72783
700 1# - ADDED ENTRY--PERSONAL NAME
Personal name Richardson, Harry
Titles and other words associated with a name (Actor)
9 (RLIN) 5958670
700 1# - ADDED ENTRY--PERSONAL NAME
Personal name Sturrock, Tristan,
Dates associated with a name 1968-
9 (RLIN) 6399092
700 1# - ADDED ENTRY--PERSONAL NAME
Personal name Sullivan, Peter,
Dates associated with a name 1964-
9 (RLIN) 6399093
700 1# - ADDED ENTRY--PERSONAL NAME
Personal name Torrens, Pip,
Dates associated with a name 1960-
9 (RLIN) 5801229
700 1# - ADDED ENTRY--PERSONAL NAME
Personal name Wilde, Gabriella,
Dates associated with a name 1989-
9 (RLIN) 5927559
700 1# - ADDED ENTRY--PERSONAL NAME
Personal name York, Tom
Titles and other words associated with a name (Actor)
9 (RLIN) 6399094
700 1# - ADDED ENTRY--PERSONAL NAME
Personal name Calf, Anthony
9 (RLIN) 74902
700 1# - ADDED ENTRY--PERSONAL NAME
Personal name Dodsworth-Evans, Lily
9 (RLIN) 5813394
700 1# - ADDED ENTRY--PERSONAL NAME
Personal name Graham, Winston
9 (RLIN) 6399095
710 2# - ADDED ENTRY--CORPORATE NAME
Corporate name or jurisdiction name as entry element Mammoth Screen (Firm)
Relator term production company.
9 (RLIN) 5882394
710 2# - ADDED ENTRY--CORPORATE NAME
Corporate name or jurisdiction name as entry element British Broadcasting Corporation
9 (RLIN) 8652
710 2# - ADDED ENTRY--CORPORATE NAME
Corporate name or jurisdiction name as entry element ITV Global Entertainment
9 (RLIN) 5714935
710 2# - ADDED ENTRY--CORPORATE NAME
Corporate name or jurisdiction name as entry element PBS Distribution (Firm)
9 (RLIN) 5675827
730 0# - ADDED ENTRY--UNIFORM TITLE
Uniform title Masterpiece theatre (Television program)
9 (RLIN) 39627
730 0# - ADDED ENTRY--UNIFORM TITLE
Uniform title Poldark (Television program : 2015-2019)
9 (RLIN) 6399096
942 ## - ADDED ENTRY ELEMENTS (KOHA)
Source of classification or shelving scheme Dewey Decimal Classification
Koha item type DVD
Holdings
Withdrawn status Lost status Source of classification or shelving scheme Materials specified (bound volume or other part) Damaged status Not for loan Collection code Home library Current library Shelving location Date acquired Source of acquisition Cost, normal purchase price Total Checkouts Total Renewals Full call number Barcode Date last seen Date checked out Cost, replacement price Price effective from Koha item type
    Dewey Decimal Classification .CIRCNOTE. 3 discs     Television Series Wasatch County Library Wasatch County Library Audio Visual Area 11/27/2019   35.99 24 20 TV Series Poldark #5 34301001658683 02/18/2026 02/13/2026 35.99 03/20/2020 DVD Series
This project was made possible through a grant from the Institute of Museum and Library Service administered by the Utah State Library Division.

Wasatch County Library

  • 465 East 1200 South, Heber City, Utah 84032
  • Phone 435-654-1511 | Fax 435-654-6456

Hours

  • Monday - Friday 9:30 AM - 8:00 PM
  • Saturday 9:30 AM - 1:30 PM
  • Closed Sundays and Holidays